| 000 | 00528nam a2200181 i 4500 | ||
|---|---|---|---|
| 001 | 44908 | ||
| 003 | ES-MaACL | ||
| 007 | t| | ||
| 008 | 030324s1983 sp ||||1| spa d | ||
| 245 | 0 | 0 | _aCódigo penal y legislación complementaria. |
| 250 | _a7ª ed. act. | ||
| 260 |
_a[Madrid] : _bCivitas, _c[1983] |
||
| 300 |
_a354 p. ; _c16 cm. |
||
| 490 | 1 | _aBiblioteca de legislación. Civitas | |
| 830 | 0 |
_aBiblioteca de legislación (Civitas) _9182036 |
|
| 852 |
_aES-MaACL _jL-6931 _bR.106588 |
||
| 999 |
_c44908 _d44908 |
||